[Event "ICS rated blitz match"]
[Site "164.58.253.13"]
[Date "1999.05.23"]
[Round "?"]
[White "Leomar"]
[Black "Hossa"]
[Result "1-0"]
[WhiteElo "1870"]
[BlackElo "2108"]
[PlyCount "137"]

1. Nf3 Nf6 2. b3 d6 3. d4 Nc6 4. Bb2 Bg4 5. e3 e5 6. dxe5 dxe5 7. Qxd8+ Rxd8 8.
Bb5 Bxf3 9. gxf3 Bb4+ 10. c3 Be7 11. Nd2 O-O 12. Bxc6 bxc6 13. Nc4 e4 14. f4 c5
15. Ke2 Rfe8 16. Rad1 Nd5 17. Ne5 Bf6 18. Nc6 Rd7 19. c4 Nxf4+ 20. exf4 Rxd1
21. Rxd1 Bxb2 22. Nxa7 g5 23. fxg5 Ra8 24. Nb5 c6 25. Nd6 Rxa2 26. Rd2 e3 27.
fxe3 Kf8 28. Ne4 Kg7 29. Nc3 Bxc3 30. Rxa2 Kg6 31. h4 Bb4 32. Ra6 Kh5 33. Rxc6
Kxh4 34. Rh6+ Kxg5 35. Rxh7 Kg6 36. Rh1 Kf5 37. Kf3 Ke6 38. Rh5 Kf6 39. Ke4 Ke6
40. Rh6+ f6 41. Rh8 Be1 42. Rb8 Bg3 43. Rb6+ Bd6 44. Ra6 f5+ 45. Kf3 Ke5 46.
Ra8 Ke6 47. Re8+ Kf7 48. Rd8 Ke7 49. Rh8 Kf6 50. e4 Kg6 51. exf5+ Kxf5 52. Rd8
Ke6 53. Ke4 Bg3 54. Re8+ Kd6 55. Rg8 Bf2 56. Rg6+ Kc7 57. Kd5 Bd4 58. Rc6+ Kd7
59. Rxc5 Bc3 60. Rb5 Kc7 61. c5 Kd8 62. c6 Bd2 63. Rb7 Bf4 64. b4 Kc8 65. b5
Bd2 66. b6 Be3 67. Re7 Kd8 68. Rxe3 Kc8 69. Re8# {Hossa checkmated} 1-0

[Event "ICS rated blitz match"]
[Site "164.58.253.13"]
[Date "1999.05.23"]
[Round "?"]
[White "Hossa"]
[Black "Leomar"]
[Result "1-0"]
[WhiteElo "2096"]
[BlackElo "1860"]
[PlyCount "65"]

1. Nf3 Nf6 2. b3 d6 3. d4 g6 4. e3 Bg7 5. Nbd2 b6 6. Bb5+ c6 7. Be2 O-O 8. O-O
Bb7 9. c4 c5 10. Rb1 Ne4 11. Nxe4 Bxe4 12. Rb2 Nc6 13. Rd2 Rc8 14. Ng5 Bf5 15.
d5 h6 16. e4 hxg5 17. exf5 Nd4 18. fxg6 fxg6 19. Rd3 Bf6 20. Rg3 Nf5 21. Rg4
Nh6 22. Re4 Kg7 23. Qd3 Nf5 24. Bg4 Rh8 25. Bxf5 gxf5 26. Re6 Be5 27. f4 Bd4+
28. Kh1 g4 29. Qxf5 Bf6 30. Qxg4+ Kf7 31. Qf5 Qg8 32. Bb2 Qg3 33. Rxf6+ {
Leomar resigns} 1-0

[Event "ICS Rated standard match"]
[Site "164.58.253.13"]
[Date "1999.05.24"]
[Round "?"]
[White "quickstep"]
[Black "Hossa"]
[Result "1-0"]
[WhiteElo "2166"]
[BlackElo "2032"]
[PlyCount "69"]

1. d4 d5 2. c4 e6 3. Nc3 Bb4 4. e3 Nf6 5. Bd3 dxc4 6. Bxc4 O-O 7. Nf3 Nc6 8.
O-O Bd7 9. Ne2 Bd6 10. Bd2 Ne4 11. Rc1 Nxd2 12. Qxd2 Qf6 13. Nc3 Qf5 14. Nb5
Bb4 15. Qe2 Ba5 16. Rfd1 a6 17. Nc3 Rad8 18. Bd3 Qg4 19. h3 Qh5 20. Ne4 Qd5 21.
Nc5 Bc8 22. Be4 Qd6 23. Nxa6 Nxd4 24. Rxd4 Qxa6 25. Bd3 Qb6 26. Bxh7+ Kh8 27.
Rh4 Qd6 28. Ng5 g6 29. Bxg6+ Kg7 30. Rh7+ Kxg6 31. Qh5+ Kf6 32. Nxf7 Qd5 33.
Qh4+ Kg6 34. Nh8+ Kf5 35. Qf4# {Hossa checkmated} 1-0

[Event "ICS rated standard match"]
[Site "164.58.253.13"]
[Date "1999.05.24"]
[Round "?"]
[White "Hossa"]
[Black "grovel"]
[Result "1-0"]
[WhiteElo "2017"]
[BlackElo "1632"]
[PlyCount "57"]

1. d4 d5 2. c4 e6 3. Nc3 Nf6 4. Bg5 Be7 5. e3 O-O 6. Nf3 c6 7. Be2 dxc4 8. Bxc4
b5 9. Bd3 a6 10. Qc2 h6 11. Bxf6 Bxf6 12. O-O Bb7 13. Ne4 Be7 14. Ne5 Qb6 15.
a3 Rd8 16. Rad1 Nd7 17. f4 Nf6 18. Nxf6+ Bxf6 19. Rc1 Rac8 20. Bh7+ Kf8 21. Ng4
Be7 22. f5 c5 23. fxe6 f6 24. Ne5 cxd4 25. Ng6+ Ke8 26. Bg8 Rd6 27. Qxc8+ Bxc8
28. Rxc8+ Qd8 29. Bf7# {grovel checkmated} 1-0

[Event "ICS rated blitz match"]
[Site "164.58.253.13"]
[Date "1999.05.24"]
[Round "?"]
[White "Gazebo"]
[Black "Hossa"]
[Result "0-1"]
[WhiteElo "1787"]
[BlackElo "2100"]
[PlyCount "80"]

1. e4 e5 2. Nf3 Nc6 3. Bc4 Bc5 4. d3 Nf6 5. Nc3 O-O 6. Bg5 Be7 7. O-O d6 8. h3
Be6 9. Bxe6 fxe6 10. a4 d5 11. Qd2 d4 12. Nb5 Rc8 13. Kh1 a6 14. Na3 Bb4 15. c3
Bxa3 16. Rxa3 Qd6 17. Re1 Nd7 18. cxd4 exd4 19. Rc1 Rf7 20. Qe1 Rcf8 21. Rb3
Nc5 22. Ra3 Rxf3 23. gxf3 Ne5 24. Qg1 Rxf3 25. Qg2 Ncxd3 26. Rc2 Ne1 27. Qh2
Nxc2 28. Ra2 Nd3 29. Qxd6 cxd6 30. Bd2 Nxf2+ 31. Kg2 Rf7 32. b4 Nxe4 33. Rxc2
Rf2+ 34. Kh1 Rxd2 35. Rc8+ Kf7 36. Rc7+ Kf6 37. Rxb7 Ng5 38. Rc7 Nf3 39. Rc2
Rxc2 40. b5 40... Rh2# {Gazebo checkmated} 0-1

[Event "ICS rated standard match"]
[Site "164.58.253.13"]
[Date "1999.05.24"]
[Round "?"]
[White "Bruiser"]
[Black "Hossa"]
[Result "0-1"]
[WhiteElo "1868"]
[BlackElo "2022"]
[PlyCount "77"]

1. d4 Nf6 2. Nf3 c6 3. c4 d5 4. Nc3 dxc4 5. a4 Qa5 6. Bd2 Be6 7. e4 Qb6 8. Qc2
Nbd7 9. h3 g6 10. Be3 Qb4 11. Nd2 Bg7 12. a5 b5 13. axb6 Nxb6 14. Na4 O-O 15.
Nc5 Bc8 16. Be2 Nfd7 17. O-O Nxc5 18. dxc5 Nd7 19. Qxc4 Qxb2 20. Rfb1 Qc3 21.
Ra4 Rd8 22. Qxc3 Bxc3 23. Nc4 a6 24. f3 Rb8 25. Rxb8 Nxb8 26. Kf2 Bd4 27. Nb6
Bxe3+ 28. Kxe3 Bb7 29. Rd4 Rxd4 30. Kxd4 a5 31. Kc3 Ba6 32. Bxa6 Nxa6 33. Nc4
a4 34. Na3 Nxc5 35. Kc4 Ne6 36. Kb4 Nf4 37. Kxa4 Nxg2 38. Kb4 Ne1 39. f4 {
Bruiser resigns} 0-1

[Event "ICS rated blitz match"]
[Site "164.58.253.13"]
[Date "1999.05.24"]
[Round "?"]
[White "Hossa"]
[Black "JRCP"]
[Result "0-1"]
[WhiteElo "2103"]
[BlackElo "2111"]
[PlyCount "85"]

1. e4 g6 2. f4 Bh6 3. d4 Nf6 4. Nc3 O-O 5. Be2 d5 6. exd5 Nxd5 7. Nxd5 Qxd5 8.
Nf3 Qe4 9. O-O Bxf4 10. Bd3 Be3+ 11. Kh1 Qf4 12. Bxe3 Qxe3 13. Re1 Qf4 14. Rxe7
Be6 15. Bb5 a6 16. Ba4 b5 17. Rxe6 fxe6 18. Bb3 Re8 19. Qe2 Qf6 20. Re1 Kg7 21.
Qe4 c6 22. Qg4 Ra7 23. Rxe6 Rxe6 24. Qxe6 Qxe6 25. Bxe6 a5 26. Ne5 Re7 27. Bh3
c5 28. g3 cxd4 29. Nf3 d3 30. cxd3 Re2 31. d4 Rxb2 32. Be6 Na6 33. Ne5 Nc7 34.
Bb3 a4 35. Bf7 Rd2 36. h4 Rxd4 37. h5 gxh5 38. Kg2 Rd6 39. Bxh5 Rd5 40. Nf3
Rxh5 41. Kf2 Rh1 42. a3 Ra1 43. g4 {Hossa resigns} 0-1

[Event "ICS rated blitz match"]
[Site "164.58.253.13"]
[Date "1999.05.24"]
[Round "?"]
[White "KillServ"]
[Black "Hossa"]
[Result "1/2-1/2"]
[WhiteElo "2341"]
[BlackElo "2093"]
[PlyCount "167"]

1. e4 g6 2. d4 Bg7 3. Nc3 d6 4. f4 Nf6 5. Nf3 O-O 6. Bd3 Na6 7. O-O c5 8. d5
Rb8 9. Qe2 Nc7 10. a4 e6 11. dxe6 fxe6 12. e5 Nfd5 13. Ne4 Nxf4 14. Bxf4 Rxf4
15. Nxd6 Nd5 16. Bc4 Nb6 17. Bb3 c4 18. Bxc4 Nxc4 19. Nxc4 Bd7 20. b3 Bc6 21.
Qe3 Rf8 22. Rad1 Qc7 23. Nd4 Bd5 24. Nd6 Qe7 25. c4 Bc6 26. Nxc6 bxc6 27. Rxf8+
Rxf8 28. Rd4 a5 29. Rf4 Rxf4 30. Qxf4 Qa7+ 31. Kf1 Qe7 32. g3 Qd7 33. Kg2 Qe7
34. c5 Qa7 35. Qg4 Qe7 36. Qf3 Bxe5 37. Qxc6 Bxd6 38. cxd6 Qd8 39. Qc7 Qa8+ 40.
Kf2 Qd5 41. Qd8+ Kg7 42. Qe7+ Kg8 43. d7 Qd2+ 44. Kf3 Qd3+ 45. Kg2 Qe4+ 46. Kh3
Qf5+ 47. g4 Qf1+ 48. Kg3 Qg1+ 49. Kf3 Qd1+ 50. Ke4 Qd5+ 51. Ke3 Qe5+ 52. Kd3
Qd5+ 53. Kc2 Qe4+ 54. Kb2 Qd4+ 55. Kc1 Qc3+ 56. Kd1 Qd3+ 57. Ke1 Qe3+ 58. Kf1
Qf3+ 59. Kg1 Qxg4+ 60. Kf2 Qf4+ 61. Kg2 Qg4+ 62. Kf1 Qf3+ 63. Ke1 Qe3+ 64. Kd1
Qxb3+ 65. Kd2 Qd5+ 66. Kc3 Qf3+ 67. Kd4 Qf4+ 68. Kd3 Qf1+ 69. Ke3 Qe1+ 70. Kf3
Qd1+ 71. Kf2 Qd2+ 72. Kg3 Qe3+ 73. Kh4 Qf4+ 74. Kh3 Qf3+ 75. Kh4 Qf2+ 76. Kg5
Qf5+ 77. Kh4 Qf4+ 78. Kh3 Qf3+ 79. Kh4 Qf2+ 80. Kh3 Qf1+ 81. Kg3 Qg1+ 82. Kh3
Qf1+ 83. Kh4 Qf4+ 84. Kh3 {Game drawn by repetition} 1/2-1/2

[Event "ICS rated blitz match"]
[Site "164.58.253.13"]
[Date "1999.05.24"]
[Round "?"]
[White "Hossa"]
[Black "KillServ"]
[Result "0-1"]
[WhiteElo "2099"]
[BlackElo "2336"]
[PlyCount "101"]

1. e4 e6 2. Qe2 c5 3. g3 Nc6 4. Nf3 Be7 5. Nc3 d6 6. Bg2 Nf6 7. O-O e5 8. d3
Bg4 9. Be3 Nd4 10. Bxd4 cxd4 11. Nd1 O-O 12. c3 Qb6 13. cxd4 exd4 14. b3 Rfd8
15. Nb2 d5 16. e5 Nd7 17. Rac1 Ba3 18. Rc2 Bxb2 19. Rxb2 Re8 20. Qd2 Rad8 21.
Rc2 Bxf3 22. Bxf3 Nxe5 23. Bg2 Qg6 24. Rd1 Qh5 25. Bh1 b6 26. Rc7 a6 27. f4
Nf3+ 28. Bxf3 Qxf3 29. Rc2 Qe3+ 30. Kh1 Rd6 31. Qg2 Rh6 32. a4 Qe6 33. Rdc1 Qf5
34. Qf3 g5 35. Qf1 g4 36. Kg1 Re3 37. Rd1 Rhe6 38. Rc8+ Kg7 39. Rc2 b5 40. axb5
axb5 41. Ra2 b4 42. Kh1 Rc6 43. Ra4 Rc2 44. Qg1 Rxd3 45. Re1 Rdd2 46. Rxb4 Qd3
47. Qxd4+ Qxd4 48. Rxd4 Rxd4 49. Rb1 Rdd2 50. Kg1 Rg2+ 51. Kh1 {Hossa resigns}
0-1

[Event "ICS rated blitz match"]
[Site "164.58.253.13"]
[Date "1999.05.24"]
[Round "?"]
[White "Hossa"]
[Black "foxbat"]
[Result "1-0"]
[WhiteElo "2095"]
[BlackElo "1730"]
[PlyCount "63"]

1. e4 e5 2. d4 exd4 3. Nf3 Nc6 4. Nxd4 Bc5 5. Nxc6 bxc6 6. Bd3 d5 7. exd5 cxd5
8. Bb5+ Kf8 9. O-O Nf6 10. Bc6 Rb8 11. Nc3 Be6 12. Na4 Bd6 13. f4 h5 14. Qd4
Ng4 15. h3 Nf6 16. f5 Bc8 17. Bg5 Rb4 18. Qxa7 Kg8 19. c3 Re4 20. Rad1 Qe7 21.
Bxd5 Qe5 22. Bxf6 Qh2+ 23. Kf2 Rf4+ 24. Bf3 gxf6 25. Qa8 Rxf5 26. Qxc8+ Kg7 27.
Qxf5 Qg3+ 28. Ke2 Re8+ 29. Kd3 Bf4 30. Qxh5 Re3+ 31. Kc4 Bg5 32. Rd7 {
foxbat resigns} 1-0

[Event "ICS rated blitz match"]
[Site "164.58.253.13"]
[Date "1999.05.24"]
[Round "?"]
[White "Azkikr"]
[Black "Hossa"]
[Result "1-0"]
[WhiteElo "2152"]
[BlackElo "2097"]
[PlyCount "84"]

1. e4 g6 2. d4 Bg7 3. c4 c5 4. d5 Qa5+ 5. Bd2 Qb6 6. Nc3 d6 7. Nf3 Bg4 8. Qb3
Bxf3 9. gxf3 Nf6 10. Qa4+ Nbd7 11. Bh3 Qb4 12. Qxb4 cxb4 13. Nb5 O-O 14. Bxb4
Ne5 15. Ke2 Nxc4 16. Rac1 Nxb2 17. Rc7 Rfe8 18. Rb1 Na4 19. Rc2 Rf8 20. Rc7 a6
21. Na3 a5 22. Bd2 Rfe8 23. Rcxb7 Nc5 24. R7b5 e6 25. Nc4 exd5 26. Nxd6 Red8
27. e5 Nfd7 28. f4 d4 29. Bxd7 Nxd7 30. Rd5 Nb8 31. Rxd4 Nc6 32. Rc4 Ra6 33.
Rbc1 Ne7 34. Rc7 Kf8 35. Rb7 f6 36. Rcc7 Raxd6 37. exd6 Nf5 38. Bxa5 Nxd6 39.
Bb4 Bh8 40. Bxd6+ Kg8 41. a4 h6 42. a5 42... f5 {Hossa resigns} 1-0

[Event "ICS rated standard match"]
[Site "164.58.253.13"]
[Date "1999.05.24"]
[Round "?"]
[White "Hossa"]
[Black "andrewooi"]
[Result "1-0"]
[WhiteElo "2047"]
[BlackElo "1941"]
[PlyCount "29"]

1. Nf3 Nf6 2. b3 g6 3. Bb2 Bg7 4. c4 Kf8 5. d4 d5 6. e3 dxc4 7. Bxc4 c5 8. Ne5
e6 9. O-O cxd4 10. Qxd4 Qxd4 11. Bxd4 b6 12. Nc3 Nbd7 13. Rad1 Bb7 14. Nxd7+
Nxd7 15. Bxg7+ {andrewooi resigns} 1-0

[Event "ICS rated standard match"]
[Site "164.58.253.13"]
[Date "1999.05.24"]
[Round "?"]
[White "Hossa"]
[Black "mrkarpov"]
[Result "1-0"]
[WhiteElo "2060"]
[BlackElo "1726"]
[PlyCount "32"]

1. e4 d5 2. exd5 Nf6 3. d4 e6 4. dxe6 Bxe6 5. Nf3 Bd6 6. a3 O-O 7. Be2 Nc6 8.
O-O h6 9. Re1 Re8 10. Nc3 Qd7 11. Nb5 Be7 12. a4 a6 13. Na3 Rad8 14. c3 Nd5 15.
c4 Bxa3 16. cxd5 16... Qxd5 {mrkarpov resigns} 1-0

[Event "ICS rated blitz match"]
[Site "164.58.253.13"]
[Date "1999.05.24"]
[Round "?"]
[White "Wuideschachsau"]
[Black "Hossa"]
[Result "0-1"]
[WhiteElo "2042"]
[BlackElo "2089"]
[PlyCount "70"]

1. f4 d5 2. Nf3 Nf6 3. e3 Bg4 4. b3 Nbd7 5. Bb2 c6 6. Be2 Qc7 7. Kf1 e6 8. Ne5
Bxe2+ 9. Qxe2 Be7 10. d3 O-O 11. Nd2 Nxe5 12. Bxe5 Qa5 13. Nf3 Ng4 14. Bb2 Qb6
15. d4 Qb5 16. c4 dxc4 17. h3 Nxe3+ 18. Kf2 c3 19. Bxc3 Qxe2+ 20. Kxe2 Nxg2 21.
Bd2 Bd6 22. Ne5 Nh4 23. Rhg1 Nf5 24. Nf3 Rad8 25. Rad1 Bc7 26. Bc3 Bxf4 27. Rg4
e5 28. dxe5 Be3 29. Rxd8 Rxd8 30. Nh4 Nxh4 31. Kxe3 Ng6 32. h4 Re8 33. Ke4 Nxe5
34. Bxe5 f6 35. Kd4 35... Rxe5 {Wuideschachsau resigns} 0-1

[Event "ICS rated standard match"]
[Site "164.58.253.13"]
[Date "1999.05.24"]
[Round "?"]
[White "quickstep"]
[Black "Hossa"]
[Result "1-0"]
[WhiteElo "2161"]
[BlackElo "2065"]
[PlyCount "69"]

1. e4 e6 2. d4 c5 3. d5 exd5 4. exd5 Nf6 5. Nf3 Bd6 6. Be2 O-O 7. O-O Bc7 8. d6
Ba5 9. Nbd2 Re8 10. Nc4 Ne4 11. Nxa5 Qxa5 12. Bd3 Nc6 13. Bxe4 Rxe4 14. Ng5 Rh4
15. Re1 Kf8 16. Bd2 Qb6 17. Qf3 Nd8 18. Nxh7+ Rxh7 19. Qe4 Ne6 20. Qxh7 f6 21.
Rxe6 dxe6 22. Qh8+ Kf7 23. d7 Bxd7 24. Qxa8 Qxb2 25. Rc1 a6 26. Be3 c4 27. Qh8
Qxa2 28. Rd1 Qa4 29. Bc5 Kg6 30. Bf8 Be8 31. Qxg7+ Kf5 32. Qh7+ Bg6 33. Qh3+
Ke5 34. Bd6+ Ke4 35. Qxe6# {Hossa checkmated} 1-0

[Event "ICS rated standard match"]
[Site "164.58.253.13"]
[Date "1999.05.24"]
[Round "?"]
[White "Hossa"]
[Black "LeapyFrog"]
[Result "1-0"]
[WhiteElo "2052"]
[BlackElo "1902"]
[PlyCount "38"]

1. e4 c5 2. Nf3 Nc6 3. d4 cxd4 4. Nxd4 Nf6 5. Nc3 e5 6. Ndb5 d6 7. Bg5 a6 8.
Bxf6 gxf6 9. Na3 b5 10. Nd5 Bg7 11. c4 Nd4 12. cxb5 O-O 13. bxa6 f5 14. Nb5
Qa5+ 15. b4 Qd8 16. exf5 Bxf5 17. Rc1 Qg5 18. Nxd6 Bg4 19. Ne4 19... Qf5 {
LeapyFrog resigns} 1-0

[Event "ICS rated standard match"]
[Site "164.58.253.13"]
[Date "1999.05.24"]
[Round "?"]
[White "GMalekhine"]
[Black "Hossa"]
[Result "1-0"]
[WhiteElo "2018"]
[BlackElo "2084"]
[PlyCount "122"]

1. Nf3 f5 2. d4 e6 3. Nc3 Be7 4. e4 fxe4 5. Nxe4 Nf6 6. Nxf6+ Bxf6 7. c3 b6 8.
Bd3 Ba6 9. Bxa6 Nxa6 10. Qd3 Qc8 11. O-O O-O 12. Re1 c5 13. d5 Nc7 14. dxe6
dxe6 15. Ng5 Bxg5 16. Bxg5 Rf5 17. Qg3 Qd7 18. Bf4 Nd5 19. Be5 Rd8 20. Rad1 Qe7
21. c4 Nf6 22. Bd6 Qf7 23. b3 Qh5 24. Qe3 e5 25. h3 e4 26. Rd2 Rd7 27. Bg3 Qf7
28. Red1 Qe8 29. Rxd7 Nxd7 30. Rd6 Rf7 31. Qd2 Qe7 32. Bf4 Qe8 33. Qd5 Kh8 34.
Re6 Re7 35. Rxe7 Qxe7 36. Qb7 a5 37. Qa8+ Qf8 38. Qxe4 Nf6 39. Qc6 Qe7 40. Qxb6
Qe1+ 41. Kh2 Qxf2 42. Qd8+ Ng8 43. Qd2 Qd4 44. Qxd4 cxd4 45. c5 Ne7 46. Kg3 Nc6
47. Kf3 Kg8 48. a3 Nd8 49. Bd2 a4 50. bxa4 Ne6 51. c6 Kf7 52. Ke4 g5 53. a5 h6
54. Kd5 Ke7 55. Bb4+ Kf6 56. Kd6 d3 57. c7 Nxc7 58. Kxc7 g4 59. a6 gxh3 60.
gxh3 Kg5 61. a7 61... Kf4 {Hossa resigns} 1-0

[Event "ICS rated blitz match"]
[Site "164.58.253.13"]
[Date "1999.05.24"]
[Round "?"]
[White "Hossa"]
[Black "Okrale"]
[Result "1-0"]
[WhiteElo "2096"]
[BlackElo "1994"]
[PlyCount "141"]

1. Nf3 Nc6 2. d4 d5 3. e3 Nf6 4. Bb5 Bd7 5. O-O e6 6. b3 Bd6 7. Ba3 Ne4 8. Bxd6
cxd6 9. c4 O-O 10. cxd5 exd5 11. Qe2 Bg4 12. Rc1 Rc8 13. Qf1 Bxf3 14. gxf3 Nf6
15. Nc3 Qa5 16. Qe1 Kh8 17. Bd3 Qd8 18. Bf5 Ra8 19. Qf1 Re8 20. Qg2 a6 21. Qg5
Qe7 22. f4 Rab8 23. Qg2 g6 24. Bh3 Nb4 25. a3 Nc6 26. Ra2 Qf8 27. Nxd5 Nxd5 28.
Qxd5 f5 29. Bf1 Rbc8 30. Rac2 Ra8 31. Rxc6 bxc6 32. Rxc6 a5 33. Qxd6 a4 34.
Qxf8+ Rxf8 35. b4 Kg7 36. Ra6 Rxa6 37. Bxa6 Rb8 38. d5 Rb6 39. Bc4 Rb7 40. Kg2
Kf8 41. Kf3 Rd7 42. Ke2 h6 43. h4 h5 44. f3 Rc7 45. Kd3 Rf7 46. e4 fxe4+ 47.
fxe4 Rxf4 48. d6 Rxh4 49. e5 Rh3+ 50. Kd4 Rh4+ 51. Kd5 Rf4 52. e6 Rf5+ 53. Ke4
h4 54. Bd5 Rxd5 55. Kxd5 h3 56. e7+ Kf7 57. Kc6 h2 58. Kd7 Kf6 59. e8=Q h1=Q
60. Kc7 Qc1+ 61. Qc6 Qxc6+ 62. Kxc6 g5 63. d7 Ke7 64. Kc7 Ke6 65. d8=Q g4 66.
Qd7+ Ke5 67. Qxg4 Kf6 68. Kd6 Kf7 69. Qg5 Kf8 70. Ke6 Ke8 71. Qg8# {
Okrale checkmated} 1-0

[Event "ICS rated blitz match"]
[Site "164.58.253.13"]
[Date "1999.05.24"]
[Round "?"]
[White "KillServ"]
[Black "Hossa"]
[Result "1-0"]
[WhiteElo "2358"]
[BlackElo "2102"]
[PlyCount "62"]

1. e4 e5 2. Nf3 Nc6 3. Bc4 Bc5 4. c3 Nf6 5. d3 d6 6. O-O O-O 7. a4 Be6 8. Bxe6
fxe6 9. b4 Bb6 10. a5 Bxa5 11. bxa5 Qe8 12. Nbd2 Nd7 13. Re1 Qg6 14. a6 Rab8
15. axb7 Rxb7 16. Qa4 Ncb8 17. d4 exd4 18. cxd4 c5 19. Ba3 Nb6 20. Qa5 cxd4 21.
Bxd6 Rd8 22. Ne5 Qe8 23. Bxb8 Rbxb8 24. Qxa7 Rd6 25. Qc7 Rdd8 26. Ndf3 Nd7 27.
Nc6 Rbc8 28. Qd6 Nf6 29. Nxd8 Rxd8 30. Qa6 Qe7 31. e5 31... Nh5 {Hossa resigns}
1-0

[Event "ICS rated blitz match"]
[Site "164.58.253.13"]
[Date "1999.05.24"]
[Round "?"]
[White "Hossa"]
[Black "KillServ"]
[Result "0-1"]
[WhiteElo "2099"]
[BlackElo "2361"]
[PlyCount "125"]

1. e4 e6 2. d4 d5 3. e5 c5 4. c3 Nc6 5. Nf3 Qb6 6. Be2 cxd4 7. cxd4 Nge7 8. Nc3
Nf5 9. Na4 Qa5+ 10. Nc3 Bb4 11. Qd3 O-O 12. O-O Bd7 13. Bd2 Be7 14. a3 Rfc8 15.
Rac1 Qb6 16. Na4 Qa6 17. Qxa6 bxa6 18. Bxa6 Rcb8 19. Nc5 Bxc5 20. dxc5 Rxb2 21.
Rfd1 Rb3 22. Rc3 Rxc3 23. Bxc3 Rb8 24. Bd3 Rb3 25. Be1 Nh6 26. a4 Ng4 27. Bc2
Rb2 28. Rd2 Kh8 29. Re2 d4 30. Bd3 Rxe2 31. Bxe2 Ngxe5 32. Nd2 d3 33. Bf1 Nb4
34. f4 Ng6 35. Ne4 a5 36. g3 Bxa4 37. Bxb4 axb4 38. Bxd3 e5 39. Nd6 exf4 40.
Nxf7+ Kg8 41. Ng5 b3 42. Bc4+ Kf8 43. Nxh7+ Ke7 44. Bd5 fxg3 45. hxg3 Ne5 46.
Ng5 Nd3 47. Ne4 b2 48. Ba2 Bc2 49. Nc3 Nxc5 50. Bb1 Ne4 51. Nd1 Bxb1 52. Kg2
Bd3 53. Nxb2 Be2 54. Na4 g5 55. Nb6 Kd6 56. Kh2 Nc3 57. Nc8+ Kd7 58. Na7 g4 59.
Kg1 Ne4 60. Nc8 Kxc8 61. Kh2 Bf3 62. Kg1 Nxg3 63. Kf2 {Hossa resigns} 0-1

[Event "ICS Rated blitz match"]
[Site "164.58.253.13"]
[Date "1999.05.24"]
[Round "?"]
[White "KillServ"]
[Black "Hossa"]
[Result "1-0"]
[WhiteElo "2364"]
[BlackElo "2096"]
[PlyCount "100"]

1. c4 e5 2. Nc3 Nc6 3. Nf3 Bb4 4. d3 Nge7 5. Bd2 O-O 6. Nd5 Bxd2+ 7. Qxd2 d6 8.
Qc3 Bg4 9. Rc1 Rc8 10. h3 Nxd5 11. cxd5 Bxf3 12. gxf3 Nd4 13. f4 Qf6 14. e3
Rfe8 15. Kd1 Qf5 16. exd4 Qxf4 17. Bg2 Qxf2 18. Rc2 Qxd4 19. Qxd4 exd4 20. Rc4
h5 21. Re1 Rxe1+ 22. Kxe1 Kh7 23. Rxd4 Kg6 24. Rb4 Rb8 25. Kd2 a6 26. Rf4 Rf8
27. Bf3 f6 28. Re4 a5 29. Re7 Rc8 30. Ke3 Kh6 31. d4 g6 32. Kf4 f5 33. Bd1 b5
34. Be2 b4 35. Bb5 Rf8 36. h4 Ra8 37. Be8 a4 38. Re6 Ra5 39. Rxg6+ Kh7 40. Kxf5
a3 41. b3 Rxd5+ 42. Ke4 Ra5 43. Rf6 Kg7 44. Rf7+ Kh6 45. Rxc7 Ra8 46. Re7 Rc8
47. Re6+ Kg7 48. Bxh5 Rc2 49. Rg6+ Kf8 50. Rf6+ 50... Kg7 {Hossa resigns} 1-0

[Event "ICS rated blitz match"]
[Site "164.58.253.13"]
[Date "1999.05.24"]
[Round "?"]
[White "Hossa"]
[Black "episcopal"]
[Result "0-1"]
[WhiteElo "2093"]
[BlackElo "2402"]
[PlyCount "144"]

1. c4 c5 2. Nc3 Nc6 3. e4 g6 4. Be2 d6 5. Nf3 Bg7 6. O-O Qa5 7. a4 Bd7 8. Qb3
Rb8 9. Nd5 e6 10. Ne3 Nge7 11. h3 O-O 12. Qd3 Nd4 13. Nxd4 Bxd4 14. Nc2 Nc6 15.
Nxd4 Nxd4 16. Bg4 f5 17. exf5 exf5 18. Bd1 Rbe8 19. h4 Bc6 20. Qh3 Re7 21. Qg3
Rfe8 22. Qxd6 Re1 23. Ra3 Qb4 24. Rc3 Qb6 25. f3 Ne2+ 26. Bxe2 R1xe2 27. a5
Rxg2+ 28. Kh1 Qa6 29. Re3 Re2 30. Rxe8+ Rxe8 31. Qxc5 Bxf3+ 32. Rxf3 Re1+ 33.
Kg2 Rxc1 34. Qc8+ Kg7 35. Rb3 Kh6 36. Rxb7 Qxc4 37. Qxc4 Rxc4 38. Rxa7 Rxh4 39.
a6 Ra4 40. Kf3 g5 41. Kf2 f4 42. Kf3 Kg6 43. Ra8 Kh5 44. d4 Rxd4 45. Ra7 g4+
46. Kf2 Kg6 47. Rb7 h5 48. Rb6+ Kg5 49. b4 g3+ 50. Ke2 Re4+ 51. Kf3 Re3+ 52.
Kg2 Re2+ 53. Kf3 g2 54. Rb5+ Kh4 55. Kxe2 g1=Q 56. Re5 Qd4 57. Re8 Qc4+ 58. Kf2
Qxa6 59. Re4 Kg4 60. Re2 Qb6+ 61. Kf1 Qd4 62. b5 Kf3 63. Ke1 Qc3+ 64. Kd1 Qd3+
65. Kc1 Kxe2 66. Kb2 f3 67. b6 f2 68. b7 f1=Q 69. b8=Q Qf6+ 70. Qe5+ Qxe5+ 71.
Ka2 Qa5+ 72. Kb2 72... Qaa3# {Hossa checkmated} 0-1

[Event "ICS rated blitz match"]
[Site "164.58.253.13"]
[Date "1999.05.24"]
[Round "?"]
[White "KillServ"]
[Black "Hossa"]
[Result "1/2-1/2"]
[WhiteElo "2388"]
[BlackElo "2091"]
[PlyCount "39"]

1. e4 e6 2. d4 d5 3. exd5 exd5 4. Qf3 Nf6 5. Nc3 Be7 6. Bg5 O-O 7. Nge2 Bg4 8.
Qf4 Nbd7 9. f3 Be6 10. O-O-O c5 11. dxc5 Nxc5 12. Bxf6 Bxf6 13. Kb1 Re8 14. Nd4
Bc8 15. Bb5 Bg5 16. Qg3 Bh4 17. Qf4 Bg5 18. Qg3 Bh4 19. Qf4 Bg5 20. Qg3 {
Game drawn by repetition} 1/2-1/2

[Event "ICS rated standard match"]
[Site "164.58.253.13"]
[Date "1999.05.25"]
[Round "?"]
[White "MicProff"]
[Black "Hossa"]
[Result "0-1"]
[WhiteElo "2073"]
[BlackElo "2065"]
[PlyCount "48"]

1. e4 e6 2. d4 d5 3. Nc3 Bb4 4. Bd2 dxe4 5. Qg4 Qxd4 6. O-O-O f5 7. Qh5+ g6 8.
Qh3 Nc6 9. Bb5 Nge7 10. Be3 Qf6 11. Nge2 Bd7 12. a3 Bxc3 13. Nxc3 O-O-O 14. Qg3
e5 15. Bg5 Qe6 16. Qh4 Rde8 17. b3 Nd4 18. Bc4 Qd6 19. Bf7 Qxa3+ 20. Kd2 Qb2
21. Bxe8 Qxc2+ 22. Ke1 Qxc3+ 23. Bd2 Qd3 24. Bxd7+ 24... Kb8 {MicProff resigns}
0-1

[Event "ICS rated standard match"]
[Site "164.58.253.13"]
[Date "1999.05.25"]
[Round "?"]
[White "Hossa"]
[Black "quickstep"]
[Result "0-1"]
[WhiteElo "2078"]
[BlackElo "2196"]
[PlyCount "77"]

1. c4 c6 2. e4 d5 3. cxd5 cxd5 4. exd5 Nf6 5. Nc3 Nxd5 6. Nf3 Nxc3 7. bxc3 g6
8. d4 Bg7 9. Bd3 O-O 10. O-O Nc6 11. Qb3 Bg4 12. Ng5 Na5 13. Qb4 b6 14. Be3 h6
15. f3 Bf5 16. Bxf5 gxf5 17. Nh3 Rc8 18. Nf4 Nc4 19. Rae1 e5 20. dxe5 Bxe5 21.
Bc1 a5 22. Qb3 Qc7 23. g3 Rfd8 24. Ne2 Nd2 25. Bxd2 Rxd2 26. Kh1 Qc6 27. Nd4
Bxd4 28. cxd4 Qc2 29. Qxc2 Rcxc2 30. Re8+ Kg7 31. Ra1 Rxh2+ 32. Kg1 Rcg2+ 33.
Kf1 Rxg3 34. Re3 f4 35. Re4 Rh1+ 36. Kf2 Rxa1 37. Rxf4 Rg5 38. a4 Rxa4 39. Ke3
{Hossa resigns} 0-1

[Event "ICS rated blitz match"]
[Site "164.58.253.13"]
[Date "1999.05.25"]
[Round "?"]
[White "TheComputer"]
[Black "Hossa"]
[Result "1-0"]
[WhiteElo "2185"]
[BlackElo "2099"]
[PlyCount "77"]

1. c4 g6 2. d4 Bg7 3. Nc3 Nf6 4. Nf3 d5 5. cxd5 Nxd5 6. e4 Nxc3 7. bxc3 O-O 8.
Be2 Nc6 9. Ba3 Bg4 10. O-O a6 11. h3 Bxf3 12. Bxf3 Qd7 13. Bg4 Qd8 14. Qc1 Re8
15. Rb1 Rb8 16. Re1 e5 17. d5 Na5 18. c4 b6 19. c5 f5 20. cxb6 cxb6 21. exf5
Qxd5 22. fxg6 hxg6 23. Qg5 Qxa2 24. Bd6 Kf7 25. Rbc1 Rb7 26. Re4 Bf6 27. Qh6
Qd5 28. Qh7+ Bg7 29. Bxe5 Qxe5 30. Rxe5 Rxe5 31. Rc8 Re1+ 32. Kh2 Ree7 33. Rd8
Nc6 34. Qg8+ Kf6 35. Qc4 Bh6 36. Qxc6+ Kg7 37. Qc3+ Re5 38. Qxe5+ Kh7 39. Rh8#
{Hossa checkmated} 1-0